000 01150naa a22003497a 4500
001 BR8006770
003 BR-BrBNA
005 20240918174708.0
007 ta
008 230509b bl.||||| |||| 00| 0 por d
040 _aBR-BrBNA
_bpor
_cBiblioteca Nacional de Agricultura
041 _a(Pt)
072 _aP05
090 _aP05 BR8006770
100 1 _aAikawa, S.
100 1 _aHsieh, R.C.
100 1 _aPark, K.J.
100 1 _aJorge, J.T.
100 1 _aBiagi, J.D.
100 1 _aFerraz, A.C. de O.
111 1 _a10. Congresso Brasileiro de Engenharia Agricola
_cCampinas, SP (Brazil)
_d13 Jul 1980
245 1 _aColetores solares para secagem de graos
260 3 _aCampinas, SP (Brasil):
_c1980.
500 _aAnais do 10. Congresso Brasileiro de Engenharia Agricola Campinas, SP (Brasil): 1980. v. 374-383 (BR8006770-AM)P05
650 _aSECAGEM
650 _aENERGIA SOLAR
650 _aCOLETOR DE RADIACAO
650 _aGRAO
773 0 _tAnais do 10. Congresso Brasileiro de Engenharia Agricola
_wP05 BR8006770
_gCampinas, SP (Brasil), 1980. v. 374-383
909 _a202404
_bLucia
_c55
_dLucia Elande
942 _cAM
_2AGRIS
999 _c312942
_d312942